000 00179nam a2200085 4500
001 1239940
005 20251008114555.0
245 _aKEREM İLE ASLI
_cAHMET SELÇUK
260 _bKARATAY
999 _c1239940
_d1239940